Kinh doanh trong nền kinh tế thế giới /
Khái quát về kinh doanh, môi trường kinh tế của doanh nghiệp; Sở hữu và quản lý doanh nghiệp, quản lý tài chính, quản lý marketing, các nguồn nhân lực và quản lý nghiệp vụ, hoạt động trong nền kinh tế thông tin...
Gespeichert in:
| 1. Verfasser: | |
|---|---|
| Format: | Buch |
| Sprache: | Vietnamese |
| Veröffentlicht: |
Hà Nội :
Khoa học và kỹ thuật,
1997.
|
| Schlagworte: | |
| Tags: |
Tag hinzufügen
Keine Tags, Fügen Sie den ersten Tag hinzu!
|
| Thư viện lưu trữ: | Mạng thư viện Đại học Đà Nẵng |
|---|
| LEADER | 01152cam a2200361 i 4500 | ||
|---|---|---|---|
| 001 | 000043192 | ||
| 003 | 1067 | ||
| 005 | 20041029143033.0 | ||
| 008 | 010217b1997 vm 000 vie | ||
| 020 | |c 44000 | ||
| 022 | |a T | ||
| 040 | |a IRC |c IRC |d IRC | ||
| 041 | 0 | |a vie | |
| 082 | 1 | 4 | |a 338.7 |b TR-Đ |
| 100 | 1 | |a Trần Đạt. | |
| 245 | 1 | 0 | |a Kinh doanh trong nền kinh tế thế giới / |c Trần Đạt. |
| 260 | |a Hà Nội : |b Khoa học và kỹ thuật, |c 1997. | ||
| 300 | |a 486 tr. ; |c 20 cm. | ||
| 520 | 3 | |a Khái quát về kinh doanh, môi trường kinh tế của doanh nghiệp; Sở hữu và quản lý doanh nghiệp, quản lý tài chính, quản lý marketing, các nguồn nhân lực và quản lý nghiệp vụ, hoạt động trong nền kinh tế thông tin... | |
| 630 | 0 | 4 | |a Kinh tế. |
| 630 | 0 | 4 | |a Kinh doanh. |
| 650 | 0 | 4 | |a Kinh doanh. |
| 650 | 0 | 4 | |a Kinh tế quốc tế. |
| OWN | |a DUT | ||
| 999 | |a From the UDN01 | ||
| TYP | |a Monograph | ||
| TYP | |a Printed language | ||
| 980 | |a Mạng thư viện Đại học Đà Nẵng | ||